000 00490pab a2200169 454500
008 180718b2018 xxu||||| |||| 00| 0 eng d
100 _aOjilere, Aloy
245 _aThe diplomacy of homocapitalism against Africa: same-sex marriage and the west's promotion of homosexuality
260 _c2018
300 _ap.152-163.
362 _aJan-Mar
650 _aSexual behaviour
650 _aHomosexuality - Africa
650 _aHomosexuality
773 _aWorld Affairs
909 _a116806
999 _c116800
_d116800